00925nam a22002417a 450000500170000000800410001702000180005802000180007602000190009404000410011304100080015424501040016224600530026626000440031930000210036350400530038465000450043765000410048265000530052365000460057670000310062270000300065320250901084233.0250901b ||||| |||| 00| 0 eng d a9780197673546 a9780197673560 a97801976773577 aCO-BoUCMcDavid MorenodDavid Moreno aeng04aThe Oxford handbook of geoeconomics and economic statecraftcVinod K. Aggarwal and Tai Ming Cheung. aHandbook of geoeconomics and economic statecraft aNew YorkbOxford University Pressc2025 axii, 548 Paginas aIncluye referencias bibliográficas e índices14aRelaciones económicas internacionales 14aGeopolíticaxAspectos económicos14aSeguridad, Internacional xAspectos económicos14aSeguridad nacionalxAspectos económicos1 aAggarwal, Vinod K.eeditor1 aCheung, Tai Ming eeditor